000 00451nam a2200181Ia 4500
001 8033
005 20260306160539.0
008 260306t2013||||xx |||||||||||||| ||spa||
041 _aESP
082 _a370.1
_bC75 V. 3
100 _aBrurga, Manuel
_eAUT
245 0 _aEscuela de obediencia y memoria del inca, 1743-1818
260 _c2013
300 _axxix, 314 páginas :
_c26 cm.
650 _aGEN
654 _aCED
942 _cLIB
_dJUS
_fJUS
_2ddc
_n
999 _c8033
_d8033